| 000 | 00350nam a2200133Ia 4500 | ||
|---|---|---|---|
| 008 | 240624s9999 xx 000 0 und d | ||
| 041 | _aeng | ||
| 082 | _a658.8101 SMI | ||
| 100 | _aSMITH BRIAN D | ||
| 245 | _aMAKING MARKETING HAPPEN HOW GREAT COMPAN | ||
| 260 |
_c2007 _aNew Delhi _bElsevier |
||
| 300 | _axvi, : 377 : p. : cm. ; 24 | ||
| 365 |
_cRS _b28 |
||
| 999 |
_c7383 _d7383 |
||